[Event "Catalunya-chT Gp1"]
[Site "Barcelona"]
[Date "2016.02.06"]
[Round "3.1"]
[White "Iglesias, Jorge"]
[Black "Llobet Reus, Joan"]
[Result "1-0"]
[WhiteElo "2284"]
[BlackElo "2090"]
[PlyCount "59"]
[EventDate "2016.01.23"]
[EventType "team-tourn"]
[EventRounds "7"]
[EventCountry "ESP"]
[SourceTitle "CBM 170 Extra"]
[Source "ChessBase"]
[SourceDate "2016.02.25"]
[SourceVersion "1"]
[SourceVersionDate "2016.02.25"]
[SourceQuality "1"]
[WhiteTeam "Sant Josep de Badalona"]
[BlackTeam "Barcelona Unio Graciencia"]
[WhiteTeamCountry "ESP"]
[BlackTeamCountry "ESP"]

1. d4 g6 2. Nf3 Nf6 3. c4 Bg7 4. Nc3 0-0 5. e4 d6 6. Be2 e5 7. 0-0 Nc6 8. d5 Ne7 9. Bg5 h6 10. Bxf6 Bxf6 11. Rc1 Bg7 12. b4 f5 13. Nd2 Rf7 14. c5 Kh8 15. cxd6 cxd6 16. Nb5 Ng8 17. Qc2 a6 18. Nc7 Rb8 19. Ne6 Qe7 20. Qxc8 Rxc8 21. Rxc8 h5 22. exf5 Qh4 23. Nf3 Qxb4 24. fxg6 Rf6 25. Nfg5 Rxg6 26. Nf7+ Kh7 27. Neg5+ Rxg5 28. Nxg5+ Kh8 29. Nf7+ Kh7 30. Bd3+ 1-0

[Event "Catalunya-chT"]
[Site "Barcelona"]
[Date "2011.03.26"]
[Round "9.10"]
[White "Dickl, Errol"]
[Black "Llobet Reus, Joan"]
[Result "1-0"]
[WhiteElo "2161"]
[BlackElo "2043"]
[PlyCount "45"]
[EventDate "2011.01.29"]
[EventType "team-tourn"]
[EventRounds "11"]
[EventCountry "ESP"]
[SourceTitle "EXT 2012"]
[Source "ChessBase"]
[SourceDate "2011.11.24"]
[SourceVersion "1"]
[SourceVersionDate "2011.11.24"]
[SourceQuality "1"]
[WhiteTeam "Terrassa"]
[BlackTeam "Barcelona"]
[WhiteTeamCountry "ESP"]
[BlackTeamCountry "ESP"]

1. e4 d6 2. d4 Nf6 3. Nc3 g6 4. f3 c6 5. a4 Nbd7 6. Be3 Qa5 7. Nge2 Bg7 8. Nc1 e5 9. Nb3 Qb4 10. a5 d5 11. dxe5 Ng8 12. f4 dxe4 13. Ra4 Qe7 14. Nxe4 Nh6 15. Nd6+ Kd8 16. Nc5 Kc7 17. Nxd7 Bxd7 18. Bc5 Qh4+ 19. g3 Qg4 20. Be2 Qh3 21. Rb4 Rhb8 22. Qd4 Qg2 23. Bb6+ 1-0

[Event "Catalunya-chT"]
[Site "Spain"]
[Date "2004.??.??"]
[Round "?"]
[White "Planella Sanchez, Jordi"]
[Black "Llobet Reus, Joan"]
[Result "0-1"]
[WhiteElo "2048"]
[BlackElo "2055"]
[PlyCount "50"]
[EventDate "2004.??.??"]
[EventType "team"]
[EventRounds "9"]
[EventCountry "ESP"]
[SourceTitle "EXT 2007"]
[Source "ChessBase"]
[SourceDate "2006.11.23"]
[SourceVersion "1"]
[SourceVersionDate "2006.11.23"]
[SourceQuality "1"]

1. e4 d6 2. d4 Nf6 3. Nc3 g6 4. Be3 Bg7 5. Qd2 c6 6. 0-0-0 Qa5 7. Bh6 Bxh6 8. Qxh6 b5 9. e5 dxe5 10. dxe5 Ng4 11. Qg7 Rf8 12. Nh3 b4 13. Ne4 Qxe5 14. Rd8+ Kxd8 15. Qxf8+ Kc7 16. Bd3 f5 17. f4 Nd7 18. Qe8 Qg7 19. Neg5 Nb6 20. Nf7 Qf6 21. Qd8+ Kb7 22. Qg8 h6 23. Ne5 Be6 24. Qxg6 Nxe5 25. Qxf6 Nxd3+ 0-1

[Event "Hostafrancs op 5th"]
[Site "Barcelona"]
[Date "2003.08.31"]
[Round "2"]
[White "Peralta, Fernando"]
[Black "Llobet Reus, Joan"]
[Result "1-0"]
[WhiteElo "2505"]
[BlackElo "2089"]
[PlyCount "59"]
[EventDate "2003.08.30"]
[EventType "swiss"]
[EventRounds "9"]
[EventCountry "ESP"]
[SourceTitle "EXT 2004"]
[Source "ChessBase"]
[SourceDate "2003.11.25"]
[SourceVersion "1"]
[SourceVersionDate "2003.11.25"]
[SourceQuality "1"]

1. Nf3 Nf6 2. c4 g6 3. Nc3 Bg7 4. e4 d6 5. d4 0-0 6. Be3 e5 7. Be2 Nc6 8. d5 Ne7 9. Nd2 Nd7 10. b4 f5 11. f3 f4 12. Bf2 Nf6 13. c5 g5 14. Nc4 Ne8 15. a4 Rf6 16. a5 Rg6 17. cxd6 cxd6 18. Nb5 a6 19. Bb6 Qd7 20. Na7 h5 21. h3 Nf6 22. Qb3 g4 23. hxg4 hxg4 24. 0-0-0 Ne8 25. Kb1 Nc7 26. Rc1 Nb5 27. Nxb5 Qxb5 28. Bc7 gxf3 29. gxf3 Bd7 30. Rh2 1-0